|
|
|
|
| LEADER |
00941nam a22002772a 4500 |
| 001 |
000225119 |
| 003 |
CZ BrMZK |
| 005 |
20110616085347.0 |
| 007 |
ta |
| 008 |
950101s1947 xr f cze d |
| 015 |
|
|
|a cnb000669603
|
| 035 |
|
|
|a (OCoLC)44119285
|
| 040 |
|
|
|a ABA001
|b cze
|c OLA001
|d ABA001
|
| 080 |
|
|
|a 284.1:726.4(437.1-191):396
|2 undef
|
| 100 |
1 |
|
|a Císařová-Kolářová, Anna,
|d 1887-1963
|7 jk01061296
|4 aut
|
| 245 |
1 |
0 |
|a Posluchačky v kapli Betlemské /
|c Anna Císařová-Kolářová ; [úvod napsal Dr. A. Frinta]
|
| 250 |
|
|
|a Vyd. 1.
|
| 260 |
|
|
|a Praha :
|b Kalich,
|c 1947
|
| 300 |
|
|
|a 37 s. ;
|c 8°
|
| 490 |
1 |
|
|a Postavy a pokolení ;
|v sv. 4
|
| 500 |
|
|
|a Obálka: B. Vančura s použitím kresby A. Hromase
|
| 830 |
|
0 |
|a Postavy a pokolení
|0 s
|
| 910 |
|
|
|a BOA001
|b 1-0147.594,4
|
| 990 |
|
|
|a BK
|
| 991 |
|
|
|b 201106
|
| 996 |
7 |
|
|b 2619913876
|c 1-0147.594,4
|l MZK
|r Sklad / do 1 hodiny
|n 15
|w 000225119
|u 000010
|a 1
|e BOA001
|j MZK50
|s A
|